Fr. Conceicao Rodrigues College of Engineering

1-2-3- for Windows Complete hd. bk. Pc world (Record no. 26564)

MARC details
000 -LEADER
fixed length control field 00315nam a2200133Ia 4500
100 ## - MAIN ENTRY--PERSONAL NAME
Personal name Walkenbach/J/ Robinson/ P.
245 ## - TITLE STATEMENT
Title 1-2-3- for Windows Complete hd. bk. Pc world
260 ## - PUBLICATION, DISTRIBUTION, ETC.
Name of publisher, distributor, etc. Galgotia
Place of publication, distribution, etc. New Delhi
Date of publication, distribution, etc. 1992
300 ## - PHYSICAL DESCRIPTION
Extent 680
546 ## - LANGUAGE NOTE
Language note ENGLISH
654 ## - SUBJECT ADDED ENTRY--FACETED TOPICAL TERMS
Focus term Windows hd book
942 ## - ADDED ENTRY ELEMENTS (KOHA)
Koha item type BOOK
Holdings
Withdrawn status Lost status Damaged status Not for loan Collection Home library Current library Shelving location Date acquired Cost, normal purchase price Total Checkouts Full call number Barcode Date last seen Cost, replacement price Price effective from Koha item type
        CRC Fr. Agnel's C.Rodrigues College of Engineering Fr. Agnel's C.Rodrigues College of Engineering   17/03/2023 295.00   5294 17/03/2023 295.00 17/03/2023 BOOK